00534nam a2200181Ii 45000010005000000030009000050080041000140400033000550410008000880820015000961000016001112450050001272640082001773000012002593360026002713370028002973380027003254400CO-ViMGA241108s9999||||xx |||||||||||||| ||und|| aCO-ViMGAbspaerdacCO-ViMGA0 aunk04a572.7-L6761 aOscar Lewis10aAntropología de la Pobreza:bCinco familias 1a[Lugar de publicación no identificado] : Fondo de Cultura Económica, 1969 avolumen atextbtxt2rdacontent aunmediatedbn2rdamedia avolumebnc2rdacarrier